Absolute knowledge that liberates consciousness: (Record no. 15246)

MARC details
000 -LEADER
fixed length control field 01012nam a2200253 a 4500
001 - CONTROL NUMBER
control field ENG-90836
005 - DATE AND TIME OF LATEST TRANSACTION
control field 20071231103130.0
008 - FIXED-LENGTH DATA ELEMENTS--GENERAL INFORMATION
fixed length control field 080901t xxu||||| |||| 00| 0 eng d
010 ## - LIBRARY OF CONGRESS CONTROL NUMBER
LC control number ENG-90836
020 ## - INTERNATIONAL STANDARD BOOK NUMBER
Terms of availability 150.00
International Standard Book Number 8176211931
035 ## - SYSTEM CONTROL NUMBER
System control number EN-74369
037 ## - SOURCE OF ACQUISITION
Source of stock number/acquisition DBAD /PUB
040 ## - CATALOGING SOURCE
Original cataloging agency DPL
082 ## - DEWEY DECIMAL CLASSIFICATION NUMBER
Classification number 230.3
100 ## - MAIN ENTRY--PERSONAL NAME
Personal name Davis, Roy Eugene
245 ## - TITLE STATEMENT
Title Absolute knowledge that liberates consciousness:
Statement of responsibility, etc by Roy Eugene Davis
Remainder of title an explanation of higher realities;what to know about your essence or being, relationship with the infinite, and ultimate spiritual destiny /
260 ## - PUBLICATION, DISTRIBUTION, ETC. (IMPRINT)
Place of publication, distribution, etc New Delhi
Name of publisher, distributor, etc Full Circle Publishing
Date of publication, distribution, etc 2007
270 ## - ADDRESS
Address J-40, Jorbagh Lane
City New Delhi
Postal code 110003
300 ## - PHYSICAL DESCRIPTION
Extent 123p.:
Dimensions 23 cm (pbk)
Other physical details ill.
650 ## - SUBJECT ADDED ENTRY--TOPICAL TERM
Topical term or geographic name as entry element Religious philosophy
650 ## - SUBJECT ADDED ENTRY--TOPICAL TERM
Topical term or geographic name as entry element Spiritualism
942 ## - ADDED ENTRY ELEMENTS (KOHA)
Source of classification or shelving scheme Dewey Decimal Classification
Koha item type English Books
Classification part 230.3
Call number suffix DAV
Holdings
Withdrawn status Lost status Damaged status Not for loan Collection code Home library Current library Date acquired Cost, normal purchase price Total Checkouts Full call number Barcode Date last seen Copy number Cost, replacement price Price effective from Koha item type
      Not For Loan Non-fiction D.B.Act.Division D.B.Act.Division 01/09/2008 150.00   230.3 DAV EN-74369 15/09/2008 1 150.00 15/09/2008 English Books

© Delhi Public Library
Hit Counter
free hit counter